Que savez-vous de L'Histoire du Royaume-Uni ? - Statistiques

Statistiques générales
  • Ce quiz a été pris 105 fois
  • Le résultat moyen est 6 sur 15
Statistiques - réponses
Question Réponse % Correct
Cette Reine détient le record du 2ème plus long règne de L'Histoire de la monarchie britannique,derrière Élisabeth II (~70 ans et 3 mois) Victoria
92%
De quelle famille royale fait parti le Souverain actuel,Charles III ? Windsor
72%
Palais de résidence principal du monarque anglais,de nos jours. Buckingham Palace
58%
Premier Souverain sacré dans L'Abbaye de Westminster,le 25 Décembre 1066. Guillaume le Conquérant
55%
Titre porté par le fils aîné du souverain,qui est son successeur en cas de décès du monarque. (Indice : Son titulaire actuel est William) Prince de Galles
53%
Ces deux familles royales anglaises s'affrontent lors de la Guerre des Deux Roses (1455-1485) : La Maison d'York et la Maison de...? Lancastre
47%
Charte imposée à Jean Sans Terre en 1215,par le Roi de France Philippe Auguste (Nom en latin) Magna Carta
47%
À l'origine,ce peuple avait conquis une partie de la Grande-Bretagne,en 43 après J-C. Les Romains
36%
Cette Reine fut 17 fois enceinte,mais aucun de ses enfants n'atteignit l'âge adulte pour pouvoir prétendre à la succession de la Couronne. Anne
33%
Explorateur britannique envoyé par George II,mais il finira assassiné par les indigènes en 1778. James Cook
28%
Qui est le Roi d'Angleterre en 1245 ? (Le prénom écrit en français ou en anglais est accepté) Henry III
27%
Quelle est la plus prestigieuse récompense militaire encore décernée aujourd'hui au Royaume-Uni,et ce depuis 1347 ? Ordre de la Jarretière
16%
Archevêque de Canterbury,il fut assassiné sur ordre d'Henri II Plantagenêt en 1170. Thomas Beckett
16%
Cette "Reine" ne fut jamais couronnée,ne régna que pendant 9 jours,et fut décapitée sur ordre de Marie Ière pour haute trahison,en Février 1554. Jeanne Grey
15%
Fief (territoire) anglais à l'intérieur du Royaume de France,cause principale de la Guerre de Cent Ans. La Guyenne
15%
Aucun quiz correspondant
Distribution des résultats
% des personnes avec chaque résultat
Percentile par nombre de réponses
Votre historique - résultats
Vous n’avez pas pris ce quiz